[Event "COL-chT 21st"]
[Site "Cartagena"]
[Date "2019.11.30"]
[Round "6.4"]
[White "Lopez Hernandez, Carlos Manuel"]
[Black "Torres, Jorge Emilio"]
[Result "0-1"]
[WhiteElo "2249"]
[BlackElo "1998"]
[PlyCount "110"]
[EventDate "2019.11.30"]
[EventType "team-swiss"]
[EventRounds "9"]
[EventCountry "COL"]
[SourceTitle "CBM 195 Extra"]
[Source "ChessBase"]
[SourceDate "2020.05.31"]
[SourceVersion "1"]
[SourceVersionDate "2020.05.31"]
[SourceQuality "1"]
[WhiteTeam "Bolivar"]
[BlackTeam "Caldas"]
[WhiteTeamCountry "COL"]
[BlackTeamCountry "COL"]

1. e4 e5 2. Nf3 d6 3. d4 Nd7 4. Bc4 c6 5. Nc3 Be7 6. dxe5 dxe5 7. Ng5 Bxg5 8. Qh5 Qf6 9. Bxg5 Qg6 10. Qxg6 hxg6 11. 0-0-0 Ngf6 12. f3 Ke7 13. g4 b5 14. Be2 Nb6 15. b3 Be6 16. h4 a5 17. Be3 Nfd7 18. Rd2 a4 19. Rhd1 axb3 20. axb3 Ra1+ 21. Kb2 Rxd1 22. Nxd1 f6 23. Bf2 f5 24. gxf5 gxf5 25. exf5 Bxf5 26. Be3 Nd5 27. Bg5+ N7f6 28. Bxb5 Rc8 29. Bc4 Ke6 30. Bxf6 gxf6 31. Ne3 Bg6 32. Nxd5 cxd5 33. Rxd5 Ke7 34. Ra5 Rh8 35. Ra7+ Kd6 36. Rg7 Bh5 37. Be2 e4 38. Rg3 Ke5 39. Kc3 Kf4 40. Rg1 exf3 41. Bd3 f5 42. Kd2 Bg4 43. b4 Rxh4 44. b5 Rh2+ 45. Kc3 Rh6 46. Kb4 f2 47. Rf1 Ke3 48. Kc5 Be2 49. Bxe2 Kxe2 50. Ra1 f1Q 51. Rxf1 Kxf1 52. b6 f4 53. b7 Rh8 54. Kd4 Ke2 55. c4 f3 0-1

[Event "COL-chT rapid"]
[Site "Cartagena"]
[Date "2019.11.29"]
[Round "3.4"]
[White "Mateus Urbano, Luis Alejandro"]
[Black "Lopez Hernandez, Carlos Manuel"]
[Result "0-1"]
[WhiteElo "2221"]
[BlackElo "2288"]
[PlyCount "80"]
[EventDate "2019.11.29"]
[EventType "team-swiss"]
[EventRounds "7"]
[EventCountry "COL"]
[SourceTitle "CBM 193 Extra"]
[Source "ChessBase"]
[SourceDate "2020.01.31"]
[SourceVersion "1"]
[SourceVersionDate "2020.01.31"]
[SourceQuality "1"]
[WhiteTeam "Valle"]
[BlackTeam "Bolivar"]
[WhiteTeamCountry "COL"]
[BlackTeamCountry "COL"]

1. e4 c5 2. Nf3 Nc6 3. c3 Nf6 4. e5 Nd5 5. d4 cxd4 6. Bc4 e6 7. cxd4 d6 8. 0-0 Be7 9. Qe2 0-0 10. Rd1 Bd7 11. Nc3 Nxc3 12. bxc3 Rc8 13. Bf4 d5 14. Bd3 Na5 15. Ne1 Rxc3 16. Bd2 Ra3 17. Nc2 Ra4 18. Qh5 g6 19. Qh6 Nc4 20. Bf4 Nb2 21. Rd2 Nxd3 22. Rxd3 f5 23. exf6 Bxf6 24. Rh3 Rf7 25. Be5 Bxe5 26. dxe5 Qc7 27. Qd2 Qxe5 28. Re1 Qf4 29. Qe2 Rxa2 30. Rf3 Qc4 31. Qxc4 dxc4 32. Rc3 b5 33. f3 a5 34. Ne3 Bc6 35. Ng4 Bd5 36. Ne5 Rc7 37. Rce3 b4 38. Ng4 Kg7 39. Re5 c3 40. Ne3 c2 0-1

[Event "COL-chT"]
[Site "Cartagena"]
[Date "2019.11.28"]
[Round "7.4"]
[White "Lopez Hernandez, Carlos Manuel"]
[Black "Herrera, Juan Sebastian"]
[Result "1-0"]
[WhiteElo "2315"]
[BlackElo "2292"]
[PlyCount "81"]
[EventDate "2019.11.24"]
[EventType "team-swiss"]
[EventRounds "7"]
[EventCountry "COL"]
[SourceTitle "CBM 193 Extra"]
[Source "ChessBase"]
[SourceDate "2020.01.31"]
[SourceVersion "1"]
[SourceVersionDate "2020.01.31"]
[SourceQuality "1"]
[WhiteTeam "Bolivar"]
[BlackTeam "Valle"]
[WhiteTeamCountry "COL"]
[BlackTeamCountry "COL"]

1. e4 g6 2. d4 Bg7 3. Nf3 d6 4. c3 Nc6 5. h3 Nf6 6. Bd3 e5 7. 0-0 0-0 8. Re1 Nh5 9. Na3 exd4 10. cxd4 Nxd4 11. g4 Nxf3+ 12. Qxf3 Nf6 13. Bg5 h6 14. Bh4 Re8 15. Nc4 Bd7 16. Rad1 Re6 17. Ne3 Bc6 18. Nd5 Rc8 19. Bc4 g5 20. Bg3 Nxd5 21. exd5 Rxe1+ 22. Rxe1 Bd7 23. Qb3 b5 24. Bd3 Qf6 25. Re2 a6 26. Kh2 Kf8 27. Qc2 Qd4 28. Bf5 Bxf5 29. Qxf5 Rd8 30. Rc2 Qb6 31. Kg2 b4 32. h4 gxh4 33. Bxh4 Re8 34. Rc4 Kg8 35. Rf4 Rf8 36. Be7 f6 37. Bxf8 Kxf8 38. Qc8+ Kf7 39. Rc4 c5 40. dxc6 Qb5 41. Qb7+ 1-0

[Event "COL pre olympic sf2"]
[Site "Palmira"]
[Date "2019.06.01"]
[Round "6"]
[White "Lopez Hernandez, Carlos Manuel"]
[Black "Alvarez Angel, Nelson Eduardo"]
[Result "1-0"]
[WhiteElo "2320"]
[BlackElo "1921"]
[PlyCount "77"]
[EventDate "2019.05.29"]
[EventType "swiss"]
[EventRounds "10"]
[EventCountry "COL"]
[SourceTitle "CBM 190 Extra"]
[Source "ChessBase"]
[SourceDate "2019.07.15"]
[SourceVersion "1"]
[SourceVersionDate "2019.07.15"]
[SourceQuality "1"]

1. e4 c5 2. Nf3 Nc6 3. Bb5 g6 4. 0-0 Bg7 5. Re1 Nf6 6. e5 Nd5 7. Nc3 Nc7 8. Bxc6 dxc6 9. Ne4 Ne6 10. d3 0-0 11. Be3 b6 12. Qd2 f5 13. exf6 exf6 14. Bh6 Nd4 15. Nxd4 cxd4 16. Bxg7 Kxg7 17. Qf4 Qd5 18. Re2 Be6 19. Rae1 Rae8 20. f3 c5 21. b3 Re7 22. a4 h6 23. Qd6 Rd7 24. Qxf8+ Kxf8 25. Nxf6 Qf5 26. Rxe6 Rf7 27. Ne8 Qf4 28. Nd6 Rd7 29. Nc4 Qf5 30. R1e4 h5 31. h4 Kg7 32. Nd6 Qf8 33. Ne8+ Kh6 34. Nf6 Rd6 35. g4 hxg4 36. Nxg4+ Kh5 37. R6e5+ Kxh4 38. Kg2 Qf5 39. Nf2+ 1-0

[Event "COL pre olympic sf2"]
[Site "Palmira"]
[Date "2019.06.01"]
[Round "7"]
[White "Lopez Hernandez, Carlos Manuel"]
[Black "Valderrama Quiceno, Esteban Alberto"]
[Result "1/2-1/2"]
[WhiteElo "2320"]
[BlackElo "2434"]
[PlyCount "33"]
[EventDate "2019.05.29"]
[EventType "swiss"]
[EventRounds "10"]
[EventCountry "COL"]
[SourceTitle "CBM 190 Extra"]
[Source "ChessBase"]
[SourceDate "2019.07.15"]
[SourceVersion "1"]
[SourceVersionDate "2019.07.15"]
[SourceQuality "1"]

1. Nf3 Nf6 2. c4 g6 3. Nc3 Bg7 4. e4 0-0 5. d4 d6 6. Be2 c6 7. 0-0 a6 8. a4 a5 9. h3 Na6 10. Be3 Nd7 11. Qd2 e5 12. Rad1 exd4 13. Nxd4 Nac5 14. f4 Qe7 15. Bf3 Re8 16. Rfe1 Ra6 17. Qc2 1/2-1/2

[Event "COL pre olympic sf2"]
[Site "Palmira"]
[Date "2019.05.29"]
[Round "1"]
[White "Trujillo, Aldemar"]
[Black "Lopez Hernandez, Carlos Manuel"]
[Result "0-1"]
[WhiteElo "1779"]
[BlackElo "2320"]
[PlyCount "62"]
[EventDate "2019.05.29"]
[EventType "swiss"]
[EventRounds "10"]
[EventCountry "COL"]
[SourceTitle "CBM 190 Extra"]
[Source "ChessBase"]
[SourceDate "2019.07.15"]
[SourceVersion "1"]
[SourceVersionDate "2019.07.15"]
[SourceQuality "1"]

1. d4 Nf6 2. Nf3 g6 3. Bf4 Bg7 4. e3 0-0 5. Bd3 d6 6. Nbd2 Nbd7 7. c3 e5 8. dxe5 dxe5 9. Bg5 h6 10. Bxf6 Qxf6 11. Nb3 Qe7 12. Qc2 Re8 13. e4 Nf8 14. 0-0-0 a5 15. a3 c6 16. h4 Bg4 17. Nbd2 b5 18. Nf1 Bxf3 19. gxf3 h5 20. Ne3 Ne6 21. Rdg1 Red8 22. Rg3 Nc5 23. Be2 a4 24. Kb1 Nb3 25. Rd1 Qxh4 26. Bd3 Qf6 27. Rdg1 Rd7 28. Nf5 Rad8 29. Rd1 gxf5 30. exf5 Kf8 31. Qe2 Qxf5 0-1

[Event "Cartagena Bolivar"]
[Site "Cartagena"]
[Date "2014.03.12"]
[Round "8"]
[White "Dominguez, Ramiro"]
[Black "Lopez Hernandez, Carlos Manuel"]
[Result "1/2-1/2"]
[WhiteElo "2229"]
[BlackElo "2338"]
[PlyCount "62"]
[EventDate "2014.03.03"]
[EventType "tourn"]
[EventRounds "9"]
[EventCountry "COL"]
[SourceTitle "CBM 159 Extra"]
[Source "ChessBase"]
[SourceDate "2014.04.24"]
[SourceVersion "1"]
[SourceVersionDate "2014.04.24"]
[SourceQuality "1"]

1. Nf3 c5 2. g3 Nc6 3. Bg2 g6 4. 0-0 Bg7 5. c4 d6 6. Nc3 e5 7. e3 Nge7 8. d4 cxd4 9. exd4 exd4 10. Nb5 Bg4 11. Bf4 0-0 12. h3 Bxf3 13. Bxf3 Nf5 14. g4 Nh4 15. Bxd6 a6 16. Bxf8 Bxf8 17. Na3 Qf6 18. Bg2 Bd6 19. c5 Bxc5 20. Nc4 Rd8 21. Rc1 Qf4 22. Qd3 Nxg2 23. Kxg2 b5 24. Nd2 Bd6 25. Rxc6 Qh2+ 26. Kf3 Re8 27. Ne4 Qf4+ 28. Kg2 Qh2+ 29. Kf3 Qf4+ 30. Kg2 Qh2+ 31. Kf3 Qf4+ 1/2-1/2

[Event "Cartagena Bolivar"]
[Site "Cartagena"]
[Date "2014.03.10"]
[Round "6"]
[White "Tovio, Israel"]
[Black "Lopez Hernandez, Carlos Manuel"]
[Result "1/2-1/2"]
[WhiteElo "2303"]
[BlackElo "2338"]
[PlyCount "21"]
[EventDate "2014.03.03"]
[EventType "tourn"]
[EventRounds "9"]
[EventCountry "COL"]
[SourceTitle "CBM 159 Extra"]
[Source "ChessBase"]
[SourceDate "2014.04.24"]
[SourceVersion "1"]
[SourceVersionDate "2014.04.24"]
[SourceQuality "1"]

1. e4 e5 2. Nf3 Nc6 3. d4 exd4 4. Nxd4 Bc5 5. Nb3 Bb4+ 6. Bd2 Bxd2+ 7. Qxd2 Nf6 8. Nc3 d6 9. 0-0-0 0-0 10. f3 a5 11. Kb1 1/2-1/2

[Event "Cartagena Bolivar"]
[Site "Cartagena"]
[Date "2014.03.06"]
[Round "4"]
[White "Verbel, Jose"]
[Black "Lopez Hernandez, Carlos Manuel"]
[Result "1-0"]
[WhiteElo "2053"]
[BlackElo "2338"]
[PlyCount "69"]
[EventDate "2014.03.03"]
[EventType "tourn"]
[EventRounds "9"]
[EventCountry "COL"]
[SourceTitle "CBM 159 Extra"]
[Source "ChessBase"]
[SourceDate "2014.04.24"]
[SourceVersion "1"]
[SourceVersionDate "2014.04.24"]
[SourceQuality "1"]

1. e4 c5 2. Nf3 Nc6 3. d4 cxd4 4. Nxd4 e5 5. Nb5 d6 6. N1c3 a6 7. Na3 b5 8. Nd5 Nf6 9. Bg5 Be7 10. Bxf6 Bxf6 11. c3 Rb8 12. Nc2 0-0 13. Be2 Bg5 14. 0-0 a5 15. a3 Kh8 16. Bg4 Bb7 17. Qd3 Ne7 18. Nde3 Bxe3 19. Nxe3 d5 20. Rad1 f5 21. Nxf5 Nxf5 22. Bxf5 Qf6 23. Qh3 g6 24. Bd7 dxe4 25. Qe3 Ba8 26. Rd2 Qe7 27. Rfd1 Rf4 28. Bxb5 Rxb5 29. Rd7 Qf6 30. Qa7 Bb7 31. Qb8+ Qf8 32. Rd8 Kg7 33. Rxf8 Rxf8 34. Rd7+ Rf7 35. Qe8 1-0

[Event "Candelaria Cup"]
[Site "Cartagena"]
[Date "2014.02.02"]
[Round "4"]
[White "Dominguez, Ramiro"]
[Black "Lopez Hernandez, Carlos Manuel"]
[Result "1/2-1/2"]
[WhiteElo "2229"]
[BlackElo "2338"]
[PlyCount "89"]
[EventDate "2014.01.31"]
[EventType "tourn"]
[EventRounds "5"]
[EventCountry "COL"]
[SourceTitle "EXT 2018"]
[Source "ChessBase"]
[SourceDate "2017.10.13"]
[SourceVersion "1"]
[SourceVersionDate "2017.10.13"]
[SourceQuality "1"]

1. Nf3 Nf6 2. d4 g6 3. e3 Bg7 4. Bd3 c5 5. 0-0 d5 6. b3 cxd4 7. exd4 Nc6 8. Re1 0-0 9. Bb2 Nb4 10. Ne5 Nxd3 11. Qxd3 Bf5 12. Qe2 Rc8 13. Na3 Ne4 14. c4 dxc4 15. Naxc4 Nd6 16. Ne3 Bd7 17. Rac1 Rxc1 18. Rxc1 Bb5 19. Qc2 f6 20. N5c4 Qd7 21. Nxd6 exd6 22. a4 Ba6 23. Nd5 b6 24. Ba3 Re8 25. h3 Bb7 26. Qc7 Rd8 27. Nf4 Bh6 28. Ne6 Bxc1 29. Qxd8+ Qxd8 30. Nxd8 Bxa3 31. Nxb7 d5 32. Nd8 Kf8 33. Kf1 Bd6 34. Nc6 a6 35. b4 b5 36. axb5 axb5 37. Ke2 Ke8 38. Kd3 Kd7 39. Na7 Bxb4 40. Nxb5 Kc6 41. Nc3 Bxc3 42. Kxc3 Kb5 43. Kb3 h6 44. g4 h5 45. f4 1/2-1/2

[Event "COL-ch sf"]
[Site "Medellin"]
[Date "2014.??.??"]
[Round "6"]
[White "Florez, Carlos Julio"]
[Black "Lopez Hernandez, Carlos Manuel"]
[Result "1/2-1/2"]
[WhiteElo "2177"]
[BlackElo "2321"]
[PlyCount "65"]
[EventDate "2014.04.15"]
[EventType "swiss"]
[EventRounds "11"]
[EventCountry "COL"]
[SourceTitle "CBM 160 Extra"]
[Source "ChessBase"]
[SourceDate "2014.07.01"]
[SourceVersion "1"]
[SourceVersionDate "2014.07.01"]
[SourceQuality "1"]

1. e4 c5 2. Nc3 e6 3. g3 Nc6 4. Bg2 g6 5. Nge2 Bg7 6. d3 d6 7. Be3 Nd4 8. Qd2 Ne7 9. Nd1 0-0 10. 0-0 Rb8 11. Nxd4 cxd4 12. Bh6 e5 13. Bxg7 Kxg7 14. f4 f6 15. Nf2 Be6 16. Bh3 Bxh3 17. Nxh3 Qb6 18. Rab1 Rbc8 19. Nf2 Qc6 20. c4 Qd7 21. b3 b6 22. h3 f5 23. Rbe1 Rce8 24. Kh2 Kh8 25. Nd1 Ng8 26. Re2 fxe4 27. dxe4 Nf6 28. Qd3 Rf7 29. f5 g5 30. Nb2 Qc6 31. Rfe1 Rg8 32. Qd2 Nd7 33. Nd3 1/2-1/2

[Event "COL-ch sf"]
[Site "Medellin"]
[Date "2014.??.??"]
[Round "5"]
[White "Lopez Hernandez, Carlos Manuel"]
[Black "Dominguez, Ramiro"]
[Result "1/2-1/2"]
[WhiteElo "2321"]
[BlackElo "2203"]
[PlyCount "22"]
[EventDate "2014.04.15"]
[EventType "swiss"]
[EventRounds "11"]
[EventCountry "COL"]
[SourceTitle "CBM 160 Extra"]
[Source "ChessBase"]
[SourceDate "2014.07.01"]
[SourceVersion "1"]
[SourceVersionDate "2014.07.01"]
[SourceQuality "1"]

1. e4 e5 2. Nf3 Nc6 3. Bb5 a6 4. Bxc6 dxc6 5. d4 exd4 6. Qxd4 Qxd4 7. Nxd4 Bd7 8. Nc3 0-0-0 9. Be3 Ne7 10. 0-0-0 c5 11. Nb3 b6 1/2-1/2

[Event "Bogota McGregor op 4th"]
[Site "Bogota"]
[Date "2013.12.08"]
[Round "8"]
[White "Condori Aranya, Edwin"]
[Black "Lopez Hernandez, Carlos Manuel"]
[Result "0-1"]
[WhiteElo "2157"]
[BlackElo "2324"]
[PlyCount "54"]
[EventDate "2013.12.04"]
[EventType "swiss"]
[EventRounds "9"]
[EventCountry "COL"]
[SourceTitle "CBM 157 Extra"]
[Source "ChessBase"]
[SourceDate "2013.12.19"]
[SourceVersion "1"]
[SourceVersionDate "2013.12.19"]
[SourceQuality "1"]

1. c4 c5 2. g3 e6 3. Nf3 b6 4. Bg2 Bb7 5. 0-0 Nf6 6. Nc3 Be7 7. Re1 d6 8. e4 a6 9. d4 cxd4 10. Nxd4 Qc7 11. Nd5 exd5 12. exd5 0-0 13. Nf5 Re8 14. Bg5 Bc8 15. Nxe7+ Rxe7 16. Bxf6 Rxe1+ 17. Qxe1 gxf6 18. Qe3 Nd7 19. Qh6 Qd8 20. Re1 Nf8 21. Re4 Ra7 22. Qe3 Bd7 23. g4 Ng6 24. f4 Ra8 25. Qg3 f5 26. gxf5 Bxf5 27. Re3 Qf6 0-1

[Event "Bogota McGregor op 4th"]
[Site "Bogota"]
[Date "2013.12.08"]
[Round "9"]
[White "Lopez Hernandez, Carlos Manuel"]
[Black "Ortiz Suarez, Isan Reynaldo"]
[Result "0-1"]
[WhiteElo "2324"]
[BlackElo "2608"]
[PlyCount "78"]
[EventDate "2013.12.04"]
[EventType "swiss"]
[EventRounds "9"]
[EventCountry "COL"]
[SourceTitle "CBM 157 Extra"]
[Source "ChessBase"]
[SourceDate "2013.12.19"]
[SourceVersion "1"]
[SourceVersionDate "2013.12.19"]
[SourceQuality "1"]

1. d4 Nf6 2. c4 e6 3. Nc3 c5 4. e3 Be7 5. Nf3 0-0 6. Bd3 d6 7. 0-0 Nbd7 8. e4 cxd4 9. Nxd4 a6 10. Qe2 Qc7 11. Kh1 Ne5 12. Bd2 b6 13. f4 Nxd3 14. Qxd3 Bb7 15. Rae1 Nd7 16. b3 Bf6 17. Nf3 Nc5 18. Qb1 Rad8 19. Re3 Qb8 20. Qe1 Qa8 21. e5 dxe5 22. fxe5 Bxe5 23. Rxe5 Nd3 24. Qe2 Bxf3 25. gxf3 Nxe5 26. Qxe5 Rxd2 27. Ne4 Rdd8 28. Rg1 f6 29. Qxe6+ Kh8 30. Qe7 Rg8 31. Rg3 Rde8 32. Qf7 Rxe4 33. fxe4 Qxe4+ 34. Kg1 Qb1+ 35. Kg2 Qxa2+ 36. Kh3 Qf2 37. b4 Qf1+ 38. Kh4 g5+ 39. Kg4 f5+ 0-1

[Event "COL-ch"]
[Site "Ibague"]
[Date "2013.07.05"]
[Round "7"]
[White "Lopez Hernandez, Carlos Manuel"]
[Black "Valderrama Quiceno, Esteban Alberto"]
[Result "0-1"]
[WhiteElo "2320"]
[BlackElo "1939"]
[PlyCount "112"]
[EventDate "2013.07.01"]
[EventType "swiss"]
[EventRounds "11"]
[EventCountry "COL"]
[SourceTitle "EXT 2014"]
[Source "ChessBase"]
[SourceDate "2013.11.20"]
[SourceVersion "1"]
[SourceVersionDate "2013.11.20"]
[SourceQuality "1"]

1. Nf3 Nf6 2. c4 c5 3. Nc3 e6 4. g3 Nc6 5. Bg2 d5 6. cxd5 Nxd5 7. 0-0 Nc7 8. b3 Be7 9. Bb2 0-0 10. Rc1 Rb8 11. Na4 Na6 12. d4 Qa5 13. Bc3 Qb5 14. dxc5 Rd8 15. Qc2 Nxc5 16. Nxc5 Bxc5 17. Bxg7 Bxf2+ 18. Rxf2 Kxg7 19. Qc3+ f6 20. Qe3 Qb6 21. Qe4 e5 22. e3 Qb4 23. Qxb4 Nxb4 24. Rc7+ Rd7 25. Rxd7+ Bxd7 26. Rd2 Be6 27. Nh4 Rc8 28. Bxb7 Rc1+ 29. Kf2 Ra1 30. Be4 Rxa2 31. Rxa2 Nxa2 32. Nf5+ Kf8 33. Nd6 h6 34. Nc4 Ke7 35. Ke1 Bxc4 36. bxc4 Kd6 37. Kd2 Kc5 38. Bd5 a5 39. g4 a4 40. Be6 Nb4 41. Kc3 Na6 42. Bd7 a3 43. Kb3 Nb4 44. Kxa3 Kxc4 45. Bf5 Nd5 46. Be6 Kc5 47. Kb3 Nxe3 48. Kc3 e4 49. h3 Nd5+ 50. Kd2 Kd4 51. Bc8 Nf4 52. h4 Ng6 53. h5 e3+ 54. Ke2 Nf4+ 55. Kf3 e2 56. Kf2 Kd3 0-1

[Event "Dosquebrad op"]
[Site "Dosquebrad"]
[Date "2013.06.21"]
[Round "4"]
[White "Lopez Hernandez, Carlos Manuel"]
[Black "Barrientos Chavarriaga, Sergio E"]
[Result "0-1"]
[WhiteElo "2306"]
[BlackElo "2462"]
[PlyCount "94"]
[EventDate "2013.06.19"]
[EventType "swiss"]
[EventRounds "7"]
[EventCountry "COL"]
[SourceTitle "CBM 155 Extra"]
[Source "ChessBase"]
[SourceDate "2013.08.26"]
[SourceVersion "1"]
[SourceVersionDate "2013.08.26"]
[SourceQuality "1"]

1. Nf3 Nf6 2. g3 b6 3. Bg2 Bb7 4. c4 c5 5. 0-0 g6 6. Nc3 Bg7 7. d4 cxd4 8. Qxd4 d6 9. Be3 Nbd7 10. Rac1 Rc8 11. Rfd1 0-0 12. Qh4 a6 13. b3 Rc7 14. Na4 Rc8 15. Nc3 Ba8 16. Bh3 Rc7 17. Nd4 Rc5 18. g4 Ne4 19. Nxe4 Bxe4 20. Nf3 Ra5 21. Ng5 Nf6 22. Bd4 h6 23. Nxe4 Nxe4 24. Bxg7 Kxg7 25. Bg2 Nf6 26. Rc2 Qc8 27. h3 Qe6 28. Qg3 h5 29. f3 hxg4 30. hxg4 d5 31. b4 Ra3 32. g5 Qe3+ 33. Kf1 Nh5 34. Qh4 dxc4 35. Rxc4 Rxa2 36. Qd4+ Qxd4 37. Rcxd4 Ng3+ 38. Kf2 Nxe2 39. R4d2 Nc3 40. Rxa2 Nxa2 41. Rd4 Rc8 42. f4 Rc2+ 43. Kg3 Rb2 44. Rd7 e6 45. Bh3 Rb3+ 46. Kh4 Kf8 47. Bf1 Rxb4 0-1

[Event "Dosquebrad op"]
[Site "Dosquebrad"]
[Date "2013.06.20"]
[Round "3"]
[White "Franco Valencia, Beatriz Irene"]
[Black "Lopez Hernandez, Carlos Manuel"]
[Result "0-1"]
[WhiteElo "2161"]
[BlackElo "2306"]
[PlyCount "48"]
[EventDate "2013.06.19"]
[EventType "swiss"]
[EventRounds "7"]
[EventCountry "COL"]
[SourceTitle "CBM 155 Extra"]
[Source "ChessBase"]
[SourceDate "2013.08.26"]
[SourceVersion "1"]
[SourceVersionDate "2013.08.26"]
[SourceQuality "1"]

1. d4 Nf6 2. Nf3 e6 3. c4 c5 4. g3 cxd4 5. Nxd4 d5 6. Qc2 e5 7. Nf3 d4 8. Nbd2 Nc6 9. a3 a5 10. b3 Be7 11. Bg2 0-0 12. 0-0 Bg4 13. h3 Bh5 14. Bb2 Bg6 15. Qd1 Nd7 16. Nh2 f5 17. Bd5+ Kh8 18. f4 Bd6 19. Nhf3 exf4 20. Bxc6 bxc6 21. Nxd4 Qg5 22. g4 fxg4 23. Ne6 Bc5+ 24. Kg2 Qh4 0-1

[Event "Dosquebrad op"]
[Site "Dosquebrad"]
[Date "2013.06.19"]
[Round "1"]
[White "Ocampo Garcia, Derly Gineth"]
[Black "Lopez Hernandez, Carlos Manuel"]
[Result "0-1"]
[WhiteElo "1863"]
[BlackElo "2306"]
[PlyCount "52"]
[EventDate "2013.06.19"]
[EventType "swiss"]
[EventRounds "7"]
[EventCountry "COL"]
[SourceTitle "CBM 155 Extra"]
[Source "ChessBase"]
[SourceDate "2013.08.26"]
[SourceVersion "1"]
[SourceVersionDate "2013.08.26"]
[SourceQuality "1"]

1. e4 c5 2. Nf3 Nc6 3. d4 cxd4 4. Nxd4 Nf6 5. Nc3 e5 6. Nb3 Bb4 7. Bd3 d5 8. Bd2 Bxc3 9. Bxc3 Nxe4 10. Bxe4 dxe4 11. Qxd8+ Kxd8 12. 0-0-0+ Kc7 13. Nc5 f5 14. Rd5 b6 15. Nb3 Be6 16. Rd2 Rad8 17. Rhd1 Rxd2 18. Rxd2 Rd8 19. Rxd8 Kxd8 20. Nd2 Ke7 21. Nf1 f4 22. Nd2 Bd5 23. g3 g5 24. b3 Ke6 25. Bb2 e3 26. fxe3 fxe3 0-1

[Event "La Candelaria Cup"]
[Site "Complejo de Raquetas"]
[Date "2013.02.01"]
[Round "3"]
[White "Castaneda, Jorge Luis"]
[Black "Lopez Hernandez, Carlos Manuel"]
[Result "1/2-1/2"]
[WhiteElo "2199"]
[BlackElo "2306"]
[PlyCount "59"]
[EventDate "2013.01.30"]
[EventType "swiss"]
[EventRounds "7"]
[EventCountry "COL"]
[SourceTitle "CBM 152 Extra"]
[Source "ChessBase"]
[SourceDate "2013.02.25"]
[SourceVersion "1"]
[SourceVersionDate "2013.02.25"]
[SourceQuality "1"]

1. d4 Nf6 2. Nf3 g6 3. Bf4 Bg7 4. e3 0-0 5. Be2 d6 6. h3 Nfd7 7. 0-0 e5 8. Bh2 Nc6 9. c3 f5 10. dxe5 dxe5 11. Nbd2 Qe7 12. Nc4 Kh8 13. a4 g5 14. Nfd2 a5 15. e4 f4 16. Bg4 Nf6 17. Bxc8 Raxc8 18. g4 Rcd8 19. Qe2 h5 20. f3 Rf7 21. Kg2 Bf8 22. Bg1 Qe6 23. Rad1 Rfd7 24. b3 Kg7 25. Nb1 b6 26. Rxd7+ Qxd7 27. Nb2 Qe6 28. Qc4 Kf7 29. Qxe6+ Kxe6 30. Rd1 1/2-1/2

[Event "La Candelaria Cup"]
[Site "Complejo de Raquetas"]
[Date "2013.01.31"]
[Round "2"]
[White "Lopez Hernandez, Carlos Manuel"]
[Black "Andrade Truyol, Geiner Jose"]
[Result "1-0"]
[WhiteElo "2306"]
[BlackElo "2045"]
[PlyCount "53"]
[EventDate "2013.01.30"]
[EventType "swiss"]
[EventRounds "7"]
[EventCountry "COL"]
[SourceTitle "CBM 152 Extra"]
[Source "ChessBase"]
[SourceDate "2013.02.25"]
[SourceVersion "1"]
[SourceVersionDate "2013.02.25"]
[SourceQuality "1"]

1. Nf3 Nf6 2. c4 e6 3. Nc3 c5 4. g3 b6 5. Bg2 Bb7 6. 0-0 Be7 7. d4 cxd4 8. Qxd4 d6 9. Rd1 a6 10. b3 Nbd7 11. Bb2 0-0 12. Ng5 Bxg2 13. Kxg2 Qc7 14. Nge4 Qb7 15. f3 Ne8 16. Ba3 Nc5 17. Rac1 Rd8 18. Qe3 Nf6 19. Nxf6+ gxf6 20. Rd4 f5 21. b4 Nd7 22. Nd5 Ne5 23. Nxe7+ Qxe7 24. c5 Nc6 25. cxd6 Rxd6 26. Rxd6 Qxd6 27. Qg5+ 1-0

[Event "Pamplona IRT rap op"]
[Site "Pamplona"]
[Date "2012.11.10"]
[Round "10"]
[White "Rios, Cristhian Camilo"]
[Black "Lopez Hernandez, Carlos Manuel"]
[Result "1-0"]
[WhiteElo "2351"]
[BlackElo "2300"]
[PlyCount "83"]
[EventDate "2012.11.09"]
[EventType "swiss"]
[EventRounds "11"]
[EventCountry "COL"]
[SourceTitle "CBM 151 Extra"]
[Source "ChessBase"]
[SourceDate "2012.12.18"]
[SourceVersion "1"]
[SourceVersionDate "2012.12.18"]
[SourceQuality "1"]

1. d4 Nf6 2. c4 g6 3. Nc3 d5 4. Nf3 Bg7 5. Qb3 dxc4 6. Qxc4 0-0 7. e4 a6 8. e5 b5 9. Qb3 Nfd7 10. e6 fxe6 11. Be3 Nb6 12. h4 Nc6 13. Rd1 Qd6 14. h5 Qb4 15. Qc2 Rf5 16. hxg6 hxg6 17. Bd3 Nc4 18. Bxf5 exf5 19. b3 Nxe3 20. fxe3 Bb7 21. 0-0 Qd6 22. Ne2 Nb4 23. Qd2 Rd8 24. Nf4 Nd5 25. Nd3 Qg3 26. Qf2 Qxf2+ 27. Kxf2 Bh6 28. Rfe1 Nf6 29. Nfe5 Kg7 30. Rc1 Nd5 31. a3 Rd6 32. Nb4 Nxb4 33. Rxc7 Bd5 34. axb4 Bg5 35. g3 Rd8 36. Rd7 Rxd7 37. Nxd7 Bxb3 38. Ra1 Be6 39. Nc5 Bc8 40. Nxa6 Bf6 41. Nc5 Kh6 42. Ra8 1-0

[Event "Pamplona IRT rap op"]
[Site "Pamplona"]
[Date "2012.11.10"]
[Round "4"]
[White "Ruge, Edison"]
[Black "Lopez Hernandez, Carlos Manuel"]
[Result "0-1"]
[WhiteElo "2227"]
[BlackElo "2300"]
[PlyCount "62"]
[EventDate "2012.11.09"]
[EventType "swiss"]
[EventRounds "11"]
[EventCountry "COL"]
[SourceTitle "CBM 151 Extra"]
[Source "ChessBase"]
[SourceDate "2012.12.18"]
[SourceVersion "1"]
[SourceVersionDate "2012.12.18"]
[SourceQuality "1"]

1. e4 c5 2. Nc3 Nc6 3. f4 e6 4. Nf3 d5 5. Bb5 Nge7 6. Qe2 dxe4 7. Nxe4 a6 8. Bxc6+ Nxc6 9. 0-0 Be7 10. Kh1 0-0 11. d3 b6 12. Qf2 Bb7 13. Be3 Qd5 14. a3 Rac8 15. Rae1 Rfd8 16. Qg3 Nd4 17. Bxd4 cxd4 18. Re2 Rd7 19. Ne5 Rdc7 20. Nc4 Qh5 21. Rd2 Bxe4 22. Nxb6 Bh4 23. Qh3 Bf5 24. g4 Bxg4 25. Qg2 Rb8 26. Nc4 Qd5 27. b4 Bh3 28. Qxd5 exd5 29. Rf3 Bg4 30. Ne5 Bxf3+ 31. Nxf3 Bf6 0-1